Samuel: comedia en dos actos divididos en cinco cuadros

Uloženo v:
Podrobná bibliografie
Hlavní autor: Arenas, Braulio (Autor)
Médium: Kniha
Jazyk:španělština
Vydáno: Santiago Universitaria 1970
Edice:Colección Letras de América
Témata:
Tagy: Přidat tag
Žádné tagy, Buďte první, kdo vytvoří štítek k tomuto záznamu!

MARC

LEADER 00000cam a2200000 a 4500
001 UCX1920
003 CL-VaPUC
008 901122e19700000CL |||||||||||||||||spa|d
082 0 4 |a Ch862  |b ARE  |2 21 
100 0 |a Arenas, Braulio  |e author  |9 317628 
245 1 0 |a Samuel: comedia en dos actos divididos en cinco cuadros 
300 |a 102 p 
942 |c BK 
945 |d 19901122 00:00:00 
260 |a Santiago  |b Universitaria  |c 1970 
650 0 |a Teatro chileno  |9 266701 
583 |a last modification  |c 20141107 02:32:50  |k Rodrigo Vera 
490 0 |a Colección Letras de América 
999 |c 223049  |d 223047 
952 |0 0  |1 0  |4 0  |6 CH_862_000000000000000_ARE_1970  |7 0  |8 A  |9 218468  |a BIBEDU  |b BIBEDU  |d 2019-11-15  |i 2872900  |o Ch862 ARE 1970  |p 2872900  |r 2019-11-15  |w 2019-11-15  |y BK  |k LIT 
952 |0 0  |1 0  |3 erb  |4 0  |6 CH_862_000000000000000_ARE_1970  |7 0  |8 X  |9 218469  |a FDOBUD  |b FDOBUD  |i 5106079  |o Ch862 ARE 1970  |p 5106079  |r 2019-11-15  |w 2019-11-15  |y BK_X  |z Catalogado en:20141107  |k BUD